| 000 | 01002nam a2200241 i 4500 | ||
|---|---|---|---|
| 001 | 51106 | ||
| 003 | ES-MaACL | ||
| 005 | 20250928105312.0 | ||
| 007 | t| | ||
| 008 | 030811s1848 sp ||||1| spa d | ||
| 080 | _a581.9(460.27) | ||
| 100 | 1 |
_aCutanda, Vicente. _942285 |
|
| 245 | 1 | 0 |
_aManual de botánica descriptiva o Resumen de las plantas que se encuentran en las cercanías de Madrid y de las que se cultivan en los jardines de la corte : _bdispuesto según el método de familias naturales / _cpor Vicente Cutanda y Mariano del Amo. |
| 260 |
_aMadrid : _b[s.n., _c1848] ( _fImp. de Santiago Saunaque) |
||
| 300 |
_aXVI, 1155 p. ; _c15 cm. |
||
| 500 | _aÍndice. | ||
| 530 | _aDisponible en formato digital. | ||
| 650 | 4 |
_aFlora- _zMadrid (Comunidad Autónoma) _9149813 |
|
| 700 | 1 |
_aAmo y Mora, Mariano del, _d1809-1894 _9176335 |
|
| 852 | 4 |
_aES-MaACL _jF-13458 |
|
| 856 | 4 |
_uhttp://bdh-rd.bne.es/viewer.vm?id=0000002370&page=1 _zBiblioteca Digital Hispánica |
|
| 999 |
_c51106 _d51106 |
||